Biología
Збережено в:
| Автори: | , , |
|---|---|
| Формат: | Книга |
| Мова: | Іспанська |
| Опубліковано: |
Ciudad de México
McGraw-Hill Interamericana
2001
|
| Редагування: | 5a. ed |
| Предмети: | |
| Теги: |
Додати тег
Немає тегів, Будьте першим, хто поставить тег для цього запису!
|
MARC
| LEADER | 00000nam a2200000 a 4500 | ||
|---|---|---|---|
| 001 | UCK5582 | ||
| 003 | CL-VaPUC | ||
| 008 | 050805e20010000MX |||||||||||||||||spa|d | ||
| 020 | |a 970103368X | ||
| 082 | 0 | 4 | |a 570 |b SOL |2 21 |
| 100 | 0 | |a Solomon, Eldra Pearl |e author |9 494416 | |
| 700 | 0 | |a Berg, Linda R |e author |9 494417 | |
| 700 | 0 | |a Martin, Diana W |e author |9 494418 | |
| 245 | 1 | 0 | |a Biología |
| 250 | |a 5a. ed | ||
| 300 | |a 1237 p | ||
| 942 | |c BK | ||
| 945 | |d 20050805 00:00:00 |a jcarroza | ||
| 260 | |a Ciudad de México |b McGraw-Hill Interamericana |c 2001 | ||
| 650 | 0 | |a Biología |9 262022 | |
| 650 | 0 | |a Genética |9 259443 | |
| 650 | 0 | |a Evolución |9 259442 | |
| 650 | 0 | |a Energía |9 259431 | |
| 650 | 0 | |a Células |9 269548 | |
| 650 | 0 | |a Ecología |9 258124 | |
| 583 | |a last modification |c 20050805 00:00:00 |k Rodrigo Vera | ||
| 999 | |c 314084 |d 314082 | ||
| 952 | |0 0 |1 0 |4 0 |6 570_000000000000000_SOL_2001 |7 0 |8 CCM |9 385982 |a BIBCUR |b BIBCUR |d 2019-11-22 |i 4149645 |o 570 SOL 2001 |p 4149645 |r 2025-04-22 |w 2019-11-22 |y BK_R |k CIM | ||
| 952 | |0 0 |1 0 |4 0 |6 570_000000000000000_SOL_2001 |7 0 |8 CCM |9 385983 |a BIBCUR |b BIBCUR |d 2019-11-22 |i 4149653 |o 570 SOL 2001 |p 4149653 |r 2025-04-22 |w 2019-11-22 |y BK_R |k CIM | ||
| 952 | |0 0 |1 0 |4 0 |6 570_000000000000000_SOL_2001 |7 0 |8 CCM |9 385984 |a BIBCUR |b BIBCUR |d 2019-11-22 |i 4149661 |o 570 SOL 2001 |p 4149661 |r 2025-04-22 |w 2019-11-22 |y BK_R |k CIM | ||